000 00592nam a2200241 a 4500
001 nice12345678
003 IN_TiNIC
005 20260116012629.0
008 050524s1959 glaa grp 000 0 eng
020 _a
_c100
082 0 0 _a225
_bPHI
100 _aPhillips, J B
245 _aNew Testamernt in Modern English for Schools.
260 _aGlasgow
_bWilliam Collins Sons
_c1959
300 _a558p
500 _aincludes index and biblioraphy
505 2 _aIndex
650 _aBible-New Testament
700 1 _aPhillips, J B
902 _bSRS
942 _cBK
999 _c7738
_d7738